000 00853nam a2200253Ia 4500
003 OSt
005 20220926002856.0
006 a|||||r|||| 00| 0
007 ta
008 220923b |||||||| |||| 00| 0 eng d
020 _a9788125056287
_c667.25
037 _b5342, 30/10/2014, RAJKIRAN BOOK AGENCY
_cGeneral Book
040 _aRTL
_cRTL
_beng
041 _2eng
_aeng
082 _aY15:44.231.P, Q4
100 _aSHAH Svati P.
_9306607
245 0 _aStreet corner secrets
_b Sex, work, and migration in the city of Mumbai.
260 _a New Delhi
_bOrient Blackswan
_c2014
300 _axviii, 258p
_ccm.
500 _aBibliography: p 691-95; Glossary: p 697-709
650 _aSociology
942 _hY15:44.231.P, Q4
_cGB
_2CC
999 _c606296
_d606296